00672nam a2200205Ia 4500008004100000020001700041040001400058082002200072100002100094245004200115250001000157260005700167300001300224365002800237366000800265505002000273620008900293630004200382730004200424100315s9999 xx 000 0 und d a9812401229  cENGLISH  b3961 a658.834  a"Assael, Henry " aConsumer Behaviour & Marketing Action a6th  aNew Delhi bThomson Learning/ Asian Book  c2001  a718p.   eRupees d1 b375.00  f0  gTushar Jadhav  a"Consumer Behavior : A Managerial & Consumer Perspective,Consumer Decision Making " aConsumer Behaviour & Marketing Action aConsumer Behaviour & Marketing Action